| 000 | 00525nam a2200217Ia 4500 | ||
|---|---|---|---|
| 008 | 160819s9999 xx 000 0 und d | ||
| 020 | _a978-1-84476-193-7 | ||
| 050 | _aCUL TX 745 | ||
| 050 | _b.B37 2005 | ||
| 100 | _aBarker, Alex. | ||
| 245 | _aFablulous ways with eggs / | ||
| 245 | _cAlex Barker. | ||
| 260 | _aLondon : | ||
| 260 | _bSouthwater, | ||
| 260 | _c2005 | ||
| 300 | _a96 pages : | ||
| 300 | _bcolor illustrations ; | ||
| 300 | _c28 cm. | ||
| 500 | _aIncludes index. | ||
| 650 | _aCooking (Eggs). | ||
| 999 |
_c300724 _d300724 |
||